000 00673nam a2200229Ia 4500
003 OSt
005 20221006165320.0
006 a|||||r|||| 00| 0
007 ta
008 221006b |||||||| |||| 00| 0 eng d
024 _a6,994
037 _cTextual
040 _aFML
_cFML
_beng
041 _2eng
_aeng
082 _aY7: 1.44Q76, L8
100 _aBeames John Au.
_9679568
245 0 _aHistory Folklore And Culture Of The Races Of Northern, Western Provinces Of India
260 _aDelhi
_bSumit Publication India
_c1978
300 _a20, 369, 16
_ccm.
942 _hY7: 1.44Q76, L8
_cTEXL
_2CC
999 _c1120391
_d1120391